00439cam a22001452 4500001001100000005001700011008004100028020002600069040001500095100003800110245007400148260002800222300001100250700003200261000000743720151217160113.0080205s xx 000 0 eng d a0752866524 :cKES 690 aKABUcKABU1 aGoscinny,d1926-1977.@000000169410aObelix & Co. /cwritten by Rene Goscinny and illus. by Albert Uderzo. aLondon :bOrion,c2004. a48 p.1 aUderzo, Albert.@0000158662